El derecho de familia y los nuevos paradigmas. Tomo I /

Guardado en:
Otros Autores: Kemelmajer de Carlucci, Aída, (coord.), Diez Picazo y Ponce de León, Luis., Bidart Campos, Germán J., Roca Trías, Encarna., Sesta, Michele., Losing, Norbert., Streck, Lenio Luiz., Espín Canovas, Diego., Wills Rivera, Lourdes., Hinestrosa, Fernando., Ubaldo, Edson., Zannoni, Eduardo., Chabas, Francois.
Formato: Libro
Idioma:Spanish
Publicado: Santa Fe : Rubinzal Culzoni, 1999.
Edición:1a. ed.
Materias:
Etiquetas: Agregar Etiqueta
Sin Etiquetas, Sea el primero en etiquetar este registro!
LEADER 00978nam a22003015a 4500
001 DER.der015182
008 250428s1999####ag#||||||||||||||#||spa||
005 20250428120545.0
245 1 0 |a El derecho de familia y los nuevos paradigmas.  |n Tomo I /  |c coordinado por Aída Kemelmajer de Carlucci. 
250 |a 1a. ed. 
260 |a Santa Fe :  |b Rubinzal Culzoni,  |c 1999. 
300 |a 261 p. 
020 |a 9507272283 
700 1 |a Kemelmajer de Carlucci, Aída,  |e coord. 
700 1 |a Diez Picazo y Ponce de León, Luis. 
700 1 |a Bidart Campos, Germán J. 
700 1 |a Roca Trías, Encarna. 
700 1 |a Sesta, Michele. 
700 1 |a Losing, Norbert. 
700 1 |a Streck, Lenio Luiz. 
700 1 |a Espín Canovas, Diego. 
700 1 |a Wills Rivera, Lourdes. 
700 1 |a Hinestrosa, Fernando. 
700 1 |a Ubaldo, Edson. 
700 1 |a Zannoni, Eduardo. 
700 1 |a Chabas, Francois. 
650 7 |a DERECHO DE FAMILIA 
859 |a DERECHO  |b BIB. DERECHO  |h 346.015  |i KEM  |p 003427